000 00352 a2200169 4500
001 184304
020 _a85-08-07148-5
040 _cMagnum
100 _aBandeira, Pedro
240 1 0 _aA hora da verdade
_lpor
245 1 0 _aA hora da verdade
300 _a168
362 0 _a2002
440 1 _aÁtica
697 _aLITERATURA JUVENIL
942 _cBK
999 _c184304
_d184304